ਮੁਹੱਬਤ ਦਾ ਸਖ਼ਰਨਾਮਾ (Record no. 1026266)
[ view plain ]
| 000 -LEADER | |
|---|---|
| fixed length control field | 00819nam a2200241Ia 4500 |
| 003 - CONTROL NUMBER IDENTIFIER | |
| control field | OSt |
| 005 - DATE AND TIME OF LATEST TRANSACTION | |
| control field | 20221005112854.0 |
| 008 - FIXED-LENGTH DATA ELEMENTS--GENERAL INFORMATION | |
| fixed length control field | 221004b |||||||| |||| 00| 0 pan d |
| 037 ## - SOURCE OF ACQUISITION | |
| Terms of availability | Textual |
| 040 ## - CATALOGING SOURCE | |
| Original cataloging agency | CRL |
| Transcribing agency | CRL |
| Language of cataloging | pan |
| 041 ## - LANGUAGE CODE | |
| Source of code | pan |
| Language code of text/sound track or separate title | pan |
| 100 ## - MAIN ENTRY--PERSONAL NAME | |
| Personal name | ਹੁੰਦਲ, ਹਰਭਜਨ ਸਿੰਘ |
| 245 #0 - TITLE STATEMENT | |
| Title | ਮੁਹੱਬਤ ਦਾ ਸਖ਼ਰਨਾਮਾ |
| 260 ## - PUBLICATION, DISTRIBUTION, ETC. | |
| Place of publication, distribution, etc. | ਦਿੱਲੀ |
| Name of publisher, distributor, etc. | ਐਮ ਪੀ ਪ੍ਰਕਾਨ ਭਾਰਤ |
| Date of publication, distribution, etc. | 2005 |
| 300 ## - PHYSICAL DESCRIPTION | |
| Extent | 198ਪੰ |
| Dimensions | cm. |
| 942 ## - ADDED ENTRY ELEMENTS (KOHA) | |
| Classification part | U8.44Q7.N68, 153P5 |
| Koha item type | Textual |
| Source of classification or shelving scheme | |
| Withdrawn status | Lost status | Damaged status | Not for loan | Home library | Current library | Date acquired | Source of acquisition | Cost, normal purchase price | Total Checkouts | Full call number | Barcode | Date last seen | Cost, replacement price | Price effective from | Koha item type |
|---|---|---|---|---|---|---|---|---|---|---|---|---|---|---|---|
| Central Library | Central Library | 2022-10-05 | 215, 31/12/2008, H.K. Prakashan | 240.00 | U8.44Q7.N68 153P5 | CL1448430 | 2022-10-05 | 240.00 | 2022-10-05 | Textual |
